History of Indian Philosophy. Vol.1 (Record no. 77349)

MARC details
000 -LEADER
fixed length control field 00500nam a2200205Ia 4500
003 - CONTROL NUMBER IDENTIFIER
control field OSt
005 - DATE AND TIME OF LATEST TRANSACTION
control field 20230125143628.0
008 - FIXED-LENGTH DATA ELEMENTS--GENERAL INFORMATION
fixed length control field 210210b1922 xxu||||| |||| 00| 0 eng d
040 ## - CATALOGING SOURCE
Transcribing agency AL
041 ## - LANGUAGE CODE
Language code of text/sound track or separate title English
082 ## - DEWEY DECIMAL CLASSIFICATION NUMBER
Classification number 110/40
100 ## - MAIN ENTRY--PERSONAL NAME
Personal name DASGUPTA (Surendranath)
9 (RLIN) 69864
245 ## - TITLE STATEMENT
Title History of Indian Philosophy. Vol.1
260 ## - PUBLICATION, DISTRIBUTION, ETC.
Place of publication, distribution, etc. London
Name of publisher, distributor, etc. Cambridge University Press
Date of publication, distribution, etc. 1922
300 ## - PHYSICAL DESCRIPTION
Extent 528
440 ## - SERIES STATEMENT/ADDED ENTRY--TITLE
Title 1
9 (RLIN) 69865
690 ## - LOCAL SUBJECT ADDED ENTRY--TOPICAL TERM (OCLC, RLIN)
Topical term or geographic name as entry element Philosophy
9 (RLIN) 69866
906 ## - LOCAL DATA ELEMENT F, LDF (RLIN)
a 000834
942 ## - ADDED ENTRY ELEMENTS (KOHA)
Source of classification or shelving scheme Dewey Decimal Classification
Koha item type Book
Holdings
Withdrawn status Lost status Damaged status Not for loan Collection code Home library Current library Shelving location Date acquired Cost, normal purchase price Total Checkouts Full call number Barcode Date last seen Price effective from Koha item type
          St Aloysius Library St Aloysius Library   02/17/2021 0.00   110/40 000834 02/17/2021 02/17/2021 Book
          St Aloysius Library St Aloysius Library   02/17/2021 0.00   110/41 000835 02/17/2021 02/17/2021 Book